000 00480nam a22001817a 4500
003 OSt
005 20180116183024.0
008 151202b xxu||||| |||| 00| 0 eng d
020 _a0
040 _c0
082 _a813.54 LEA 1973
100 _aTimothy Lea
245 _aConfessions of a Travelling Salesman
_cTimothy Lea
260 _aGreat Britain
_bSphere Books Limited
_c1973
300 _a154 p.
_bPB
440 _aConfessions of a Travelling Salesman
942 _2ddc
_cBK
999 _c350712
_d350712